000 00795nam a2200253Ia 4500
003 OSt
005 20220925221145.0
006 a|||||r|||| 00| 0
007 ta
008 220923b |||||||| |||| 00| 0 eng d
020 _a0 333 26801 6
037 _cGeneral Book
040 _aRTL
_cRTL
_beng
041 _2eng
_aeng
082 _aX:77.1.N7, M1
100 _aBairoch Paul Ed.
_9285921
245 0 _aDisparities in economic development since the industrial revolution
260 _aLondon
_bMacmillan UK
_c1981
300 _avii,428p. Bib chapterwise
_ccm.
650 _aEconomic Development
_917300
700 _a Levy-Leboyer Maurice Ed.
_9285922
942 _hX:77.1.N7, M1
_cGB
_2CC
999 _c573412
_d573412